| 000 | 00764nam a22002057a 4500 | ||
|---|---|---|---|
| 999 |
_c12064 _d12064 |
||
| 003 | AR-CdUCM | ||
| 008 | 190405b ||||| |||| 00| 0 spa d | ||
| 040 |
_aMUNICIPALIDAD PROVINCIAL DEL CUSCO _cBIBLIOTECA MUNICIPAL DEL CUSCO |
||
| 082 |
_a346.947 / _bA22 / 1932 |
||
| 100 |
_aAdduard, Luis _929734 |
||
| 245 | _aCódigo civil soviético / | ||
| 260 |
_aChile : _bEditorial Nascimento, _c1932 |
||
| 300 |
_a179 páginas ; _c16 cm. |
||
| 505 | _aContenido: El origen de los códigos soviéticos -- La reacción contras las formulas técnicas -- La asociación de la ley y de la jurisprudencia... | ||
| 650 |
_aCódigos soviéticos _929735 |
||
| 650 |
_aLibertad _92892 |
||
| 650 |
_aCiencias sociales _91096 |
||
| 942 |
_2ddc _cLIBROS |
||
| 945 |
_adavv _d05/04/2019 |
||